000
00283nam a22001217a 4500
003
OSt
008
250128b |||||||| |||| 00| 0 eng d
041
_a
eng
100
_a
Devamani, RS
_9
7010
245
_a
Harvesting Equipment Developed in India
260
_b
ICAR,
_c
1980.
942
_c
BK
999
_c
19158
_d
19158